000 00304nam a22001457a 4500
003 SGT
082 _a370
_bN01L
100 _aLATA, KUSUM
245 _aNAI RANG CHETNA TATHA 'BAKRI'
250 _a2ND
260 _aNEW DELHI
_bINDIAN PUB
_c2001
300 _a83
650 _aEDUCATION
942 _2ddc
_cBK
999 _c11703
_d11703